Prawo rzymskie. U podstaw prawa prywatnego.

Zapisane w:
Opis bibliograficzny
Główni autorzy: Dajczak, Wojciech (Autor), Giaro, Tomasz (Autor)
Kolejni autorzy: Longchamps de Bérier, Franciszek (autor)
Format: Książka
Język:angielski
Wydane: Warszawa, Polska: Wydawnictwo Naukowe PWN, 2009.
Hasła przedmiotowe:
Etykiety: Dodaj etykietę
Nie ma etykietki, Dołącz pierwszą etykiete!

MARC

LEADER 00000nam a22000007a 4500
003 CL-VaPUC
005 20220822114838.0
008 220808t2009 ||||| |||| 00| 0 eng d
999 |c 438128  |d 438126 
020 |a 978-83-01-16083-8 
040 |c Pontificia Universidad Católica de Valparaíso 
082 7 |a 340.54 DAJ 2009  |2 22 
100 1 |a Dajczak, Wojciech  |e author  |9 874714 
245 |a Prawo rzymskie.  |b U podstaw prawa prywatnego. 
260 |a Warszawa, Polska:  |b Wydawnictwo Naukowe PWN,   |c 2009. 
300 |a 583 páginas.  
500 |a c.1 Donación Familia Prof. Alejandro Guzmán Brito. 
583 |c 20220803  |k Cristina María Rojas Aguilar 
650 |a Derecho romano   |9 875124 
650 |a Derecho privado   |9 258243 
700 |a Giaro, Tomasz  |e author  |9 875125 
700 |a Longchamps de Bérier, Franciszek  |e autor  |9 875126 
942 |2 ddc  |c BK  |n 0 
952 |0 0  |1 0  |2 ddc  |4 0  |6 340_540000000000000_DAJ_2009  |7 1  |8 C_AGB  |9 586010  |a BIBDER  |b BIBDER  |d 2022-08-08  |e Donación   |i 5653995  |o 340.54 DAJ 2009  |p 5653995  |r 2023-01-25  |t 1  |w 2022-08-08  |y BK_US  |k AGB